00560nam a2200181 a 450000100060000000300090000600800410001502000180005604000280007408200170010210000190011924500160013826000280015430000090018250501490019165000150034065000230035523047CO-ViMGA141112s2004 ck r 000 u spa d a9788434222199 aCO-ViMGAbspacCO-ViMGA04a684.12 G413t1 aGibert, Vicenc10aTapicerìa aEspaña : bParramòn a64p. aLa iniciacion, Analisis del material y sus derivados, La base del tapizado, Cinchas, Muelles, Reparaciones, La practica, Silla, Sillòn, Sofà14aTAPICERIA 14aTRABAJOS EN MADERA